Passejades guiades : Parc Natural del Montseny Parc Natural del Montseny
Publicado:
Barcelona :
Diputació de Barcelona. Àrea d'Espais Naturals : Xarxa de Parcs Naturals ,
2009
Descripción Física:
Fulletons : il·lustracions ; 21 cm
Colección:
Itineraris guiats
Materias:
Parc Natural del Montseny (Catalunya) -- Guies
; Parc Natural del Montseny (Catalunya) -- Circuits turístics
; Parc Natural del Montseny (Catalunya)
; Fulletons
Idioma:
Catalán
MARC
| LEADER | 00000nam a2200000Ia 4500 | ||
|---|---|---|---|
| 001 | 21877, 23256, 23195, 23439, 23721, 25742, 26038, 26115, 26343, 27414, 28395 | ||
| 003 | Arxiu | ||
| 005 | 20260324181511.0 | ||
| 008 | 160829c2009 spca xx s cat c | ||
| 017 | |a DL B 3901-2017 | ||
| 017 | |a B 4165-2019 | ||
| 017 | |a B 3669-2018 | ||
| 017 | |a B 3613-2022 | ||
| 017 | |a B 6371-2023 | ||
| 040 | |a AGDB |b cat | ||
| 041 | |a cat | ||
| 080 | |a FU-45-47, FU-59-69, FU-59-52, FU-61-27, FU-62-21 | ||
| 080 | |a FU-71-38 | ||
| 080 | |a FU-69-88 | ||
| 080 | |a FU-68-38 | ||
| 080 | |a FU-70-7 | ||
| 080 | |a FU-62-122 | ||
| 080 | |a FU-71-40 | ||
| 080 | |a FU-72-24 | ||
| 110 | 1 | |a Barcelona (Catalunya : Província). |9 7250 |b Xarxa de Parcs Naturals | |
| 245 | 1 | 0 | |a Passejades guiades : |b Parc Natural del Montseny |
| 246 | |a Passejades guiades : |b tots els diumenges de l'any | ||
| 246 | |a Passejades guiades : |b Parc Natural del Montseny. Reserva de la Biosfera | ||
| 260 | |a Barcelona : |b Diputació de Barcelona. Àrea d'Espais Naturals : |b Xarxa de Parcs Naturals ; |c 2009- | ||
| 300 | |a Fulletons : |b il·lustracions ; |c 21 cm | ||
| 310 | |a Anual | ||
| 362 | |a 2009- | ||
| 490 | 1 | |a Itineraris guiats | |
| 590 | |a A partir de l'any 2010: Parc Natural del Montseny, reserva de la biosfera. Tots els diumenges de l'any. Continuada per: Passejades guiades. | ||
| 610 | 2 | 0 | |a Parc Natural del Montseny (Catalunya) |v Guies |9 52680 |
| 610 | 2 | 0 | |a Parc Natural del Montseny (Catalunya) |x Circuits turístics |9 52715 |
| 610 | 0 | |a Parc Natural del Montseny (Catalunya) |9 10461 | |
| 655 | 0 | |9 55858 |a Fulletons | |
| 710 | 1 | |a Barcelona (Catalunya : Província). |b Gerència de Serveis d’Espais Naturals |9 52730 | |
| 710 | 1 | |a Girona (Catalunya : Província). |b Diputació |9 11479 | |
| 830 | 0 | |9 55838 |a Itineraris guiats | |
| 866 | |a 2009-2020 | ||
| 866 | |a 2022-2023 | ||
| 901 | |a Arxiu | ||
| 942 | |n 1 |2 udc |c ARXIU | ||
| 952 | |0 0 |1 0 |4 0 |7 1 |9 55103 |a Arxiu |b Arxiu |d 2009-09-16 |h 2009 |o FU-45-47 |p 21877 |r 2016-12-01 00:00:00 |w 2016-12-01 |y ARXIU | ||
| 952 | |0 0 |1 0 |4 0 |7 1 |9 55893 |a Arxiu |b Arxiu |d 2023-04-05 |h 2014 |o FU-62-122 |p 23733 |r 2016-12-01 00:00:00 |w 2016-12-01 |y ARXIU | ||
| 952 | |0 0 |1 0 |4 0 |6 FU6838 |7 1 |9 61446 |a Arxiu |b Arxiu |d 2022-05-02 |h 2020 |o FU-68-38 |p 25369 |r 2022-05-02 00:00:00 |w 2022-05-02 |y ARXIU | ||
| 952 | |0 0 |1 0 |4 0 |6 FU6988 |7 1 |9 62100 |a Arxiu |b Arxiu |d 2022-05-30 |h 2015 |o FU-69-88 |p 25708 |r 2022-05-30 00:00:00 |w 2022-05-30 |y ARXIU | ||
| 952 | |0 0 |1 0 |4 0 |6 FU707 |7 1 |9 62132 |a Arxiu |b Arxiu |d 2022-06-01 |h 2016 |o FU-70-7 |p 25742 |r 2022-06-01 00:00:00 |w 2022-06-01 |y ARXIU | ||
| 952 | |0 0 |1 0 |4 0 |6 FU7138 |7 1 |9 62508 |a Arxiu |b Arxiu |d 2022-06-22 |h 2017 |l 0 |o FU-71-38 |p 26038 |r 2022-06-22 00:00:00 |w 2022-06-22 |y ARXIU | ||
| 952 | |0 0 |1 0 |4 0 |6 FU7140 |7 1 |9 62603 |a Arxiu |b Arxiu |d 2022-07-01 |h 2019 |l 0 |o FU-71-40 |p 26115 |r 2022-07-01 00:00:00 |w 2022-07-01 |y ARXIU | ||
| 952 | |0 0 |1 0 |4 0 |7 1 |9 63185 |a Arxiu |b Arxiu |d 2022-07-26 |h 2018 |o FU-72-24 |p 26343 |r 2022-07-26 00:00:00 |w 2022-07-26 |y ARXIU | ||
| 952 | |0 0 |1 0 |4 0 |6 FU7436 |7 1 |9 65354 |a Arxiu |b Arxiu |d 2023-02-28 |h 2022 |o FU-74-36 |p 27414 |r 2023-02-28 00:00:00 |w 2023-02-28 |y ARXIU | ||
| 952 | |0 0 |1 0 |4 0 |6 FU6127 |7 1 |9 65379 |a Arxiu |b Arxiu |d 2023-02-28 |h 2012 |l 0 |o FU-61-27 |p 23439 |r 2023-02-28 00:00:00 |w 2023-02-28 |y ARXIU | ||
| 952 | |0 0 |1 0 |4 0 |6 FU6221 |7 1 |9 65406 |a Arxiu |b Arxiu |d 2023-03-01 |h 2013 |l 0 |o FU-62-21 |p 23721 |r 2023-03-01 00:00:00 |w 2023-03-01 |y ARXIU | ||
| 952 | |0 0 |1 0 |4 0 |7 1 |9 65422 |a Arxiu |b Arxiu |d 2023-03-01 |h 2011 |o FU-59-52 |p 23195 |r 2023-03-01 00:00:00 |w 2023-03-01 |y ARXIU | ||
| 952 | |0 0 |1 0 |4 0 |6 FU5969 |7 1 |9 65429 |a Arxiu |b Arxiu |d 2023-03-01 |h 2010 |l 0 |o FU-59-69 |p 23256 |r 2023-03-01 00:00:00 |w 2023-03-01 |y ARXIU | ||
| 952 | |0 0 |1 0 |4 0 |6 FU7643 |7 1 |9 96767 |a Arxiu |b Arxiu |d 2024-02-29 |h 2023 |l 0 |o FU-76-43 |p 28395 |r 2024-02-29 00:00:00 |w 2024-02-29 |y ARXIU | ||
| 999 | |c 58975 |d 58975 | ||